K problamatice oprav v účetních záznamech
Problematika opráv údajov v účtovných knihách z hľadiska formy a času prevedenia týchto opráv, ale aj možné riešenia tejto problematiky v účtovných jednotkách podliehajúcich auditu a pri znovuotvorení už uzatvorených účtovných kníh.
Salvato in:
| Autore principale: | |
|---|---|
| Natura: | Capitolo di libro |
| Lingua: | ceco |
| Soggetti: | |
| Tags: |
Nessun Tag, puoi essere il primo ad aggiungerne!!
|
MARC
| LEADER | 00000naa a2200000 4500 | ||
|---|---|---|---|
| 001 | 0186632 | ||
| 005 | 20230925092559.8 | ||
| 041 | 0 | |a cze | |
| 044 | |a CZ | ||
| 245 | 1 | 0 | |a K problamatice oprav v účetních záznamech |c Vladimír Schiffer |
| 520 | |a Problematika opráv údajov v účtovných knihách z hľadiska formy a času prevedenia týchto opráv, ale aj možné riešenia tejto problematiky v účtovných jednotkách podliehajúcich auditu a pri znovuotvorení už uzatvorených účtovných kníh. | ||
| 610 | 2 | 0 | |a Česko |
| 610 | 2 | 0 | |a pravidlá účtovné |
| 610 | 2 | 0 | |a knihy účtovné |
| 610 | 2 | 0 | |a informácie účtovné |
| 610 | 2 | 0 | |a rozlíšenie časové |
| 610 | 2 | 0 | |a účtovníctvo |
| 610 | 2 | 0 | |a opravy |
| 100 | 1 | |a Schiffer, Vladimír | |